00850nam a2200253 a 4500001001000000005001700010008004100027041000800068044000800076050002600084100004300110245010300153260003000256300002400286500002900310500003300339500000700372650003000379700003900409902000800448942001100456999001500467952011400482BRCA_642620190320205440.0210911s1910----enk#######---#000-0#eng-# aeng aenk 4aPR2807b.A2 G65c19101 aShakespeare, Williamd1564-161691076010aShakespeare´sbtragedy of HamletcWilliam Shakespeare; with preface, glossary by Israel Gollancz. aLondresbJ. M. Dentc1910 axv., 205 p.c14 cm. aIncluye glosario y notas aEdición con cantos dorados aL914aLiteratura inglesa9160511 aGollancz, Israelf1864-1930916052 aGFM 2lcccB c6110d6110 00104070aBRCAbBRCAd2011-09-21iL9l0oPR2807 .A2 G65 1910 (L9)p6873r2019-03-22 00:00:00w2019-03-22yB